000 01449nam a22002777a 4500
003 OSt
005 20230706133745.0
008 221006b |||||||| |||| 00| 0 eng d
040 _cBiblioteca Lado V
082 _a980.004.68
_bR696a
100 _9876
_aRodriguez, Emilio Jorge
_edirector
245 _aAnales del Caribe/
_bCentro de Estudios del Caribe/
260 _c2000
_bCasa de las Americas
_aCuba
300 _c16x23cm
_a400p.
490 _v2000
_x0864-0491
505 _aEditorial
505 _aDossier
_tMare Pacificum Los tatuajes polinesios El ojo El Estilo Hawaiano La gran Mancha de Basura del Pacifico Oceano-Mundo Escribir Historias Insulares en el pacifico mexicano Varua rapa nui clipperton isla Mexicana Islas Islas Japonesas El surgimiento del mar Una descolonizacion inconclusa El pacifico chino
505 _aArte
_tMiradas del pacifico de Moises Barrios
505 _aPanoptico
_tEl oficio Palco Alambique Agora Personajes secundarios Otros Mundos
505 _aCritica
_tSin Justificar Esta Noche el Gran Terremoto Tema Libre Apocalypse Now Nuestros Autores
650 0 _2Tesauro de Arte & Arquitectura
_aARTE
_9702
650 0 _2Tesauro de Arte & Arquitectura
_aHISTORIA
650 _2Tesauro de Arte & Arquitectura
_aCARIBE
650 _2Tesauro de Arte & Arquitectura
_aCRITICA
942 _2ddc
_c1
_h980.004.68
_iR696a
_n0
999 _c4002
_d4002